000 00448nam a2200193Ia 4500
005 20250603145324.0
008 250603s9999 xx 000 0 und d
020 _a9780137131846
050 _aHF 5415.13 .K64/
100 _aKotler, Philip
245 0 _aMarketing management
250 _a13th ed.
260 _aNew Jersey
260 _bPearson Prentice Hall
260 _c2009
300 _a816 p
650 _aNew Jersey
942 _cBK
999 _c41520
_d41520